00729cam a22002291 4500001001300000003000400013005001700017008004100034010001700075035002000092040002300112042001200135043001200147050001600159100004200175245011600217260005900333300003100392504003000423650002900453999001700482ne 67000399 DLC20260227111830.0900608m19631964iq b b 000 0 arar  ane 67000399  a(OCoLC)21743926 aDLCcWaUdWaUdDLC apremarc aa-iq---00aHG1555b.J31 aJāsim, Muḥammad ʻAlī Riḍā.13aal-Iʼtimām wa-al-ṣayrafah fī al-ʻIrāq al-qadīmc[taʼlīf] Muḥammad ʻAlī Riḍā al-Jāsim. aBaghdād,bMat̄ābi Dār al-Taḍāmun,c1963-64. a125 p.bfold. map.c22 cm. aBibliography: p. 123-125. 0aBanks and bankingzIraq. c49423d49423